000
00352 a2200169 4500
001
183396
020
_a
85-262-2626-6
040
_c
Magnum
100
_a
Leigh, Susannah
240
1
0
_a
O oceano mágico
_l
por
245
1
0
_a
O oceano mágico
300
_a
32
362
0
_a
2002
440
1
_a
Scipione
697
_a
LITERATURA INFANTIL
942
_c
BK
999
_c
183396
_d
183396